Second Largest City by Country - Statistics

General Stats
  • This quiz has been taken 314 times
    303 since last reset
  • The average score is 49 of 196
Answer Stats
Country City % Correct
Australia Melbourne
87%
Brazil Rio de Janeiro
86%
Belgium Antwerp
82%
Germany Hamburg
80%
Canada Montréal
79%
Italy Milan
78%
Egypt Alexandria
76%
France Marseille
76%
Israel Tel Aviv
76%
Spain Barcelona
73%
China Beijing
73%
India Delhi
73%
Russia Saint Petersburg
73%
United States Los Angeles
72%
Greece Thessaloniki
71%
Netherlands Rotterdam
69%
Ireland Cork
68%
Poland Kraków
68%
Turkey Ankara
67%
United Kingdom Birmingham
67%
Croatia Split
67%
New Zealand Wellington
67%
Colombia Medellin
65%
Switzerland Geneva
64%
Austria Graz
62%
Czech Republic Brno
61%
Norway Bergen
60%
Sweden Gothenburg
60%
United Arab Emirates Abu Dhabi
59%
Pakistan Lahore
59%
Kazakhstan Nur-Sultan
59%
Vietnam Hanoi
57%
Vatican City Vatican City
56%
South Korea Busan
55%
Argentina Córdoba
55%
Bangladesh Chittagong
54%
Denmark Aarhus
53%
Ukraine Kharkiv
53%
Kenya Mombasa
51%
Saudi Arabia Jeddah
49%
Lithuania Kaunas
48%
Syria Aleppo
47%
Albania Durrës
47%
Morocco Fez
47%
Japan Yokohama
47%
Bulgaria Plovdiv
46%
Cameroon Yaoundé
46%
Serbia Novi Sad
45%
Ecuador Guayaquil
44%
Algeria Oran
44%
Nigeria Kano
42%
South Africa Durban
41%
Singapore Singapore
41%
Indonesia Surabaya
41%
Hungary Debrecen
40%
Philippines Manila
40%
Finland Espoo
38%
Liechtenstein Vaduz
38%
Belarus Gomel
37%
Slovakia Košice
37%
Estonia Tartu
37%
Lebanon Tripoli
35%
Georgia Batumi
34%
Libya Benghazi
34%
Afghanistan Kandahar
34%
Moldova Tiraspol
34%
Malta Valletta
34%
Sierra Leone Bo
33%
Cyprus Limassol
33%
Bosnia and Herzegovina Banja Luka
32%
Slovenia Maribor
32%
Iraq Basra
28%
Ghana Kumasi
27%
Yemen Aden
26%
Democratic Republic of the Congo Lubumbashi
26%
Myanmar Mandalay
26%
Equatorial Guinea Malabo
25%
Iran Mashhad
25%
Latvia Daugavpils
24%
Tunisia Sfax
24%
East Timor Dare
23%
Venezuela Maracaibo
23%
Peru Arequipa
22%
Cuba Santiago de Cuba
22%
Cambodia Siem Reap
22%
Malaysia George Town
21%
Saint Vincent and the Grenadines Georgetown
21%
Romania Iași
21%
Kyrgyzstan Osh
21%
Nicaragua León
20%
Sudan Khartoum
19%
Fiji Suva
18%
Botswana Francistown
17%
Somalia Hargeisa
17%
Bolivia El Alto
16%
Taiwan Taichung
16%
Kosovo Prizren
15%
Malawi Blantyre
14%
Honduras San Pedro Sula
14%
Luxembourg Esch-sur-Alzette
13%
Azerbaijan Ganja
13%
North Korea Hamhung
13%
Eswatini Mbabane
13%
Federated States of Micronesia Palikir
13%
Republic of the Congo Pointe-Noire
13%
Uruguay Salto
12%
Senegal Touba
11%
North Macedonia Bitola
10%
Zimbabwe Bulawayo
10%
Papua New Guinea Lae
10%
Dominican Republic Santiago de los Caballeros
10%
Jamaica Spanish Town
10%
Paraguay Ciudad del Este
9%
Montenegro Nikšić
9%
Turkmenistan Türkmenabat
9%
Burkina Faso Bobo-Dioulasso
8%
Ethiopia Dire Dawa
8%
Bahamas Freeport
8%
Armenia Gyumri
8%
Angola Lubango
8%
Mauritania Nouadhibou
8%
Guatemala Quetzaltenango
8%
Mexico Ecatepec
7%
Mongolia Erdenet
7%
Iceland Kópavogur
7%
Gabon Port-Gentil
6%
El Salvador Santa Ana
6%
Portugal Vila Nova de Gaia
6%
Andorra Escaldes-Engordany
5%
Nepal Pokhara
5%
Jordan Zarqa
5%
Costa Rica Alajuela
4%
Qatar Al Rayyan
4%
Ivory Coast Bouaké
4%
Haiti Gonaïves
4%
Tajikistan Khujand
4%
Brunei Kuala Belait
4%
Guyana Linden
4%
Tanzania Mwanza
4%
Belize San Ignacio
4%
Barbados Speightstown
4%
Madagascar Toamasina
4%
Niger Zinder
4%
Antigua and Barbuda All Saints
3%
Central African Republic Bimbo
3%
Eritrea Keren
3%
Uzbekistan Namangan
3%
Guinea Nzérékoré
3%
Bhutan Phuntsholing
3%
Namibia Rundu
3%
Oman Seeb
3%
Kiribati Bairiki
2%
Guinea-Bissau Gabú
2%
Zambia Kitwe
2%
Monaco La Condamine
2%
Suriname Lelydorp
2%
Mozambique Matola
2%
Cape Verde Mindelo
2%
Thailand Nonthaburi
2%
Laos Pakxe
2%
Bahrain Riffa
2%
Trinidad and Tobago San Fernando
2%
Benin Abomey-Calavi
1%
Maldives Addu City
1%
Kuwait Al Jahra
1%
Gambia Brikama
1%
Sri Lanka Dehiwala-Mount Lavinia
1%
Vanuatu Luganville
1%
Chad Moundou
1%
Burundi Muyinga
1%
Dominica Portsmouth
1%
Chile Puente Alto
1%
Mali Sikasso
1%
São Tomé and Príncipe Trindade
1%
Palau Airai
0%
Djibouti Ali Sabieh
0%
Seychelles Anse Boileau
0%
Tuvalu Asau
0%
Mauritius Beau Bassin-Rose Hill
0%
San Marino Borgo Maggiore
0%
Rwanda Butare
0%
Saint Kitts and Nevis Charlestown
0%
Nauru Denigomudu
0%
Liberia Ganta
0%
Solomon Islands Gizo
0%
Grenada Gouyave
0%
Saint Lucia Gros Islet
0%
Comoros Mutsamudu
0%
Uganda Nansana
0%
Tonga Neiafu
0%
Marshall Islands Rita
0%
Panama San Miguelito District
0%
Togo Sokodé
0%
Lesotho Teyateyaneng
0%
Samoa Vaitele
0%
South Sudan Yei
0%
No matching quizzes found
Score Distribution
Percent of People with Each Score
Percentile by Number Answered
Your Score History
You have not taken this quiz since the last reset